Statistics for American States in Alphabetical order

Click here to take the quiz!

General Stats

  • This quiz has been taken 57 times
  • The average score is 30 of 50

Answer Stats

State% Correct
Alabama
95%
Alaska
92%
Arkansas
87%
Arizona
79%
Florida
77%
California
74%
Delaware
74%
Colorado
72%
Connecticut
72%
Georgia
72%
Hawaii
72%
Illinois
72%
Indiana
72%
Kansas
72%
Idaho
69%
Iowa
69%
Kentucky
69%
Louisiana
64%
Maine
62%
Michigan
59%
Massachusetts
56%
Montana
56%
New Jersey
56%
New York
56%
Minnesota
54%
Mississippi
54%
Nebraska
54%
Nevada
54%
New Hampshire
54%
New Mexico
54%
Maryland
51%
Missouri
51%
Ohio
51%
Virginia
51%
Wyoming
51%
North Carolina
49%
North Dakota
49%
Pennsylvania
49%
Rhode Island
49%
South Carolina
49%
South Dakota
49%
Washington
49%
Oklahoma
46%
Oregon
46%
Texas
46%
Vermont
46%
Wisconsin
46%
Tennessee
44%
West Virginia
44%
Utah
41%

Score Distribution

Percentile by Number Answered

Percent of People with Each Score

Your Score History

You have not taken this quiz